• 首页
  • 本馆介绍
  • 公告通知
  • 最新文献
  • 馆藏检索
  • 电子资源
  • 读者导购
  • 参考咨询
  • 我的图书馆
  • 登录
  • 详细信息显示
  • 放入我的书架
  • 预约/预借图书
  • 作者相关作品
  • 分类相关作品
  • 丛书相关作品
  • 出版社相关作品

书目信息

  • 表格格式
  • 工作单格式
  • 卡片格式
题名:
松隐集
    
 
作者: 曹勋 撰
分册: 第四册  
出版信息: 北京   文物出版社  1982.10
页数: 1册
开本: 18*13cm
丛书名: 嘉业堂丛书
单 册:
中图分类: I214.42
科图分类:
主题词: 文学--作品集--中国
电子资源:
ISBN:
000 00734nam0 2200265 450
001 0632113718
005 20061025090315.37
010    @b线装@dCNY44.00(函)
091    @a7068.1022
100    @a20061025d1982 km y0chiy0120 ea
101 0  @achi
102    @aCN@b110000
200 1  @a松隐集@Asong yin ji@h第四册@f(宋)曹勋撰@F(song)cao xun zhuan
210    @a北京@c文物出版社@d1982.10
215    @a1册@d18*13cm
225 2  @a嘉业堂丛书
300    @a四册一函,四十卷
300    @a本书为文物出版社1982年10月木板印刷
305    @a吴兴刘氏嘉业堂刊本
410  0 @12001 @a嘉业堂丛书
606 0  @a文学@x作品集@x中国
690    @aI214.42@v3
701  0 @a曹勋@Acao xun@4撰
801  0 @aCN@bPFT@c20061025
905    @a10447@dI214.42@e12:4
    
    松隐集.第四册/(宋)曹勋撰.-北京:文物出版社,1982.10
    1册;18*13cm.-(嘉业堂丛书)
    四册一函,四十卷.-本书为文物出版社1982年10月木板印刷
    
    ISBN (线装):CNY44.00(函)
    
●
相关链接 在E读中查询图书 在五车中查询图书 在当当中查询图书 在豆瓣中查询图书


正题名:松隐集     索取号:I214.42/12:4         预约/预借

序号 登录号 条形码 馆藏地/架位号 状态 备注
1 0222780   202373920   古籍典藏专区/ [索取号:I214.42/12:4] 在馆    
2 0222784   202373966   古籍典藏专区/ [索取号:I214.42/12:4] 在馆    
唐山师范学院图书馆 欢迎您!
大连网信软件有限公司© 版权所有